00319nam a2200121 a 4500008004100000050001800041100001800059245002500077246003400102260004300136300000900179350000900188120416s1978 ||||||||||||||||| || u aPR 9199.3 Bir aBirney, Earle10aBig bird in the bush aselected stories and sketches aOaklville, OntariobMasaic Pressc1978 a95p. a0.00